Hamlet

Gespeichert in:
Bibliographische Detailangaben
1. Verfasser: Shakespeare, William
Format: Buch
Sprache:Undetermined
Veröffentlicht: Estados Unidos Burton Raffel 2003
Schlagworte:
Tags: Tag hinzufügen
Keine Tags, Fügen Sie den ersten Tag hinzu!

MARC

LEADER 00000nam a2200000Ia 4500
008 170316s9999 xx 000 0 und d
040 |a cru BVZT 
090 |a 820 S-5h 
100 |a Shakespeare, William 
245 |a Hamlet 
260 |a Estados Unidos 
260 |b Burton Raffel 
260 |c 2003 
300 |a 253 páginas 
650 |a LITERATURA INGLESA 
650 |a EN IDIOMA INGLÉS 
650 |a HAMLET - SHAKESPEARE 
999 |c 7122  |d 7122 
942 |c 15 D  |h 820 S-5h  |2 z